[Event "FRA-chT3"]
[Site "France"]
[Date "2001.??.??"]
[Round "6"]
[White "Khoupiguian, Serge"]
[Black "Aidaoui, Brice"]
[Result "1-0"]
[WhiteElo "1720"]
[BlackElo "1970"]
[PlyCount "97"]
[EventDate "2001.??.??"]
[EventType "team"]
[EventRounds "9"]
[EventCountry "FRA"]
[SourceTitle "EXT 2003"]
[Source "ChessBase"]
[SourceDate "2002.11.25"]
[SourceVersion "1"]
[SourceVersionDate "2002.11.25"]
[SourceQuality "1"]

1. d4 Nf6 2. Nf3 g6 3. c4 Bg7 4. Nc3 d6 5. e4 0-0 6. Be2 Nbd7 7. 0-0 c5 8. d5 a6 9. h3 Rb8 10. a4 Ne8 11. Qc2 Nc7 12. Be3 Re8 13. Qd2 Nf8 14. Ng5 Bd7 15. f4 b5 16. axb5 axb5 17. e5 bxc4 18. Bxc4 Bb5 19. b3 Bxc4 20. bxc4 Rb4 21. Qd3 Nd7 22. Rad1 Nb6 23. Rb1 Nxc4 24. Bf2 Nb2 25. Qe2 Qb8 26. Be1 Na4 27. Rc1 Rb2 28. Qd3 Nxc3 29. Bxc3 Rb3 30. Rb1 h6 31. Ne4 dxe5 32. Nxc5 Rxb1 33. Rxb1 Qa7 34. Qc4 Qa8 35. Rb7 Rc8 36. fxe5 Ne6 37. dxe6 Qxb7 38. exf7+ Kh7 39. f8N+ Kh8 40. Nxg6+ Kh7 41. Nf8+ Kh8 42. Nfe6 Qb1+ 43. Kh2 Qf5 44. Nxg7 Rxc5 45. Qxc5 Qf4+ 46. g3 Qe4 47. Qf2 Kxg7 48. e6+ Kg6 49. Qf7+ 1-0